ბათუმის შოთა რუსთაველის სახელმწიფო უნივერსიტეტის ბიბლიოთეკა

Emergency Medicine : (ბიბ.ჩანაწერი № 61685)

000 -LEADER
fixed length control field 00749nam a22002057a 4500
005 - DATE AND TIME OF LATEST TRANSACTION
control field 20240417095110.0
008 - FIXED-LENGTH DATA ELEMENTS--GENERAL INFORMATION
fixed length control field 240417s2006 enk||||| |||| 00| 0 eng d
020 ## - INTERNATIONAL STANDARD BOOK NUMBER
International Standard Book Number 9780340927700x
041 ## - LANGUAGE CODE
Language code of text/sound track or separate title eng
080 ## - UNIVERSAL DECIMAL CLASSIFICATION NUMBER
Universal Decimal Classification number 616-083 B-89
100 ## - MAIN ENTRY--PERSONAL NAME
Personal name Brown, Anthony F. T.
9 (RLIN) 21827
245 ## - TITLE STATEMENT
Title Emergency Medicine :
Remainder of title Emergency and Acute Medicine : Diagnosis and Management /
Statement of responsibility, etc. Anthony F. T. Brown, Mike Cadogan.
250 ## - EDITION STATEMENT
Edition statement Fifth edition
264 ## - PRODUCTION, PUBLICATION, DISTRIBUTION, MANUFACTURE, AND COPYRIGHT NOTICE
Place of production, publication, distribution, manufacture Oxford :
Name of producer, publisher, distributor, manufacturer Hodder Arnold,
Date of production, publication, distribution, manufacture, or copyright notice 2006.
300 ## - PHYSICAL DESCRIPTION
Extent 508 p.:
Other physical details ill.;
Dimensions 20 cm.
653 ## - INDEX TERM--UNCONTROLLED
keyword გადაუდებელი მედიცინა
653 ## - INDEX TERM--UNCONTROLLED
keyword დიაგნოზი და მართვა
700 ## - ADDED ENTRY--PERSONAL NAME
Personal name Cadogan, Mike
Relator term ავტორი
9 (RLIN) 21828
942 ## - ADDED ENTRY ELEMENTS (KOHA)
Source of classification or shelving scheme
Koha item type წიგნი
ეგზემპლარები
Withdrawn status Lost status Source of classification or shelving scheme Damaged status Not for loan Permanent Location Current Location Shelving location Date acquired Cost, normal purchase price Full call number Barcode Date last seen Copy number Price effective from Koha item type Public note
          ბათუმის შოთა რუსთაველის სახელმწიფო უნივერსიტეტის მთავარი ბიბლიოთეკა ბათუმის შოთა რუსთაველის სახელმწიფო უნივერსიტეტის მთავარი ბიბლიოთეკა წიგნსაცავი 2024-04-17 106.00 616-083 B-89 67844 2024-04-17 67844 2024-04-17 წიგნი 106 ლ.